[Event "SC Leipzig-Gohlis - Hamburger SK"]
[Site "Dittrichshuette"]
[Date "2004.12.30"]
[Round "6.3"]
[White "Salenko, Vadym"]
[Black "Ohme, Melanie"]
[Result "1/2-1/2"]
[WhiteElo "1786"]
[BlackElo "1956"]
[PlyCount "98"]
[EventDate "2004.??.??"]

1. d4 Nf6 2. Nf3 c5 3. e3 g6 4. Bd3 Bg7 5. O-O d6 6. Nbd2 O-O 7. c3 Nbd7 8. e4
Rb8 9. Qe2 b6 10. Re1 Bb7 11. Nf1 b5 12. Ng3 c4 13. Bc2 Nb6 14. a4 a6 15. axb5
axb5 16. d5 Nbd7 17. Nd4 Nc5 18. Nxb5 Bxd5 19. exd5 Rxb5 20. Qxc4 Rb7 21. b4
Ncd7 22. Bb2 Nb6 23. Qc6 Qb8 24. Qb5 Nbxd5 25. Qd3 Rc8 26. Bb3 e6 27. Ra3 Rbc7
28. Ne2 Qb6 29. Ra6 Qb7 30. Rea1 Ng4 31. Bxd5 exd5 32. Nd4 Ne5 33. Qb5 Nc4 34.
Qxb7 Rxb7 35. Bc1 h5 36. Ra8 Rxa8 37. Rxa8+ Kh7 38. Ne2 Bf6 39. g3 Re7 40. Kf1
Kg7 41. f4 Ne3+ 42. Bxe3 Rxe3 43. Rc8 Re4 44. b5 Ra4 45. Rc6 Ra1+ 46. Kf2 Rb1
47. b6 Bd8 48. Rxd6 Bxb6+ 49. Nd4 Bxd4+ 1/2-1/2

[Event "SC Leipzig-Gohlis - Hamburger SK"]
[Site "Dittrichshuette"]
[Date "2004.12.30"]
[Round "6.4"]
[White "Haense, Felix"]
[Black "Held, Florian"]
[Result "0-1"]
[WhiteElo "1688"]
[BlackElo "1734"]
[PlyCount "63"]
[EventDate "2004.??.??"]

1. Nf3 Nf6 2. g3 c5 3. Bg2 d5 4. O-O Nc6 5. d3 e5 6. e4 d4 7. h3 Be7 8. Kh2 h5
9. Ng1 Qc7 10. f4 h4 11. fxe5 hxg3+ 12. Kxg3 Nh5+ 13. Kf3 Nxe5+ 14. Ke2 Ng3+
15. Ke1 Nxf1 16. Kxf1 Be6 17. Na3 a6 18. Bf4 Bd6 19. Bxe5 Bxe5 20. Nc4 O-O-O
21. Bf3 Bh2 22. Ke2 f5 23. b3 fxe4 24. dxe4 Rhf8 25. Bg4 Bxg4+ 26. hxg4 Qg3 27.
Qe1 Qxg4+ 28. Kd2 Qg2+ 29. Ne2 Bf4+ 30. Kd1 Be3 31. b4 Rf1 32. Nc3 0-1

[Event "Sfr. Neuberg - Johanneum Eppendorf"]
[Site "Dittrichshuette"]
[Date "2004.12.30"]
[Round "6.1"]
[White "Huschenbeth, Niclas"]
[Black "Knickel, Aaron"]
[Result "1-0"]
[WhiteElo "1966"]
[BlackElo "1931"]
[PlyCount "69"]
[EventDate "2004.??.??"]

1. e4 c5 2. Nc3 Nc6 3. Nf3 g6 4. d4 cxd4 5. Nxd4 Bg7 6. Be3 d6 7. f3 Nf6 8. Qd2
O-O 9. O-O-O Nxd4 10. Bxd4 Be6 11. Kb1 Qc7 12. Nd5 Bxd5 13. exd5 Rfc8 14. Rc1
Nd7 15. Bxg7 Kxg7 16. h4 h5 17. g4 Nf6 18. Bh3 Rh8 19. g5 Nd7 20. f4 Rhf8 21.
Rhe1 Rfe8 22. Re3 Nb6 23. b3 a5 24. Qd4+ Kh7 25. a4 Nd7 26. Rce1 Nc5 27. f5 b5
28. f6 Qb6 29. fxe7 Nd7 30. Qf4 Ne5 31. Rxe5 dxe5 32. Qxf7+ Kh8 33. Be6 Rg8 34.
Qf6+ Rg7 35. Qf8+ 1-0

[Event "Sfr. Neuberg - Johanneum Eppendorf"]
[Site "Dittrichshuette"]
[Date "2004.12.30"]
[Round "6.2"]
[White "Weber, Max"]
[Black "Moshtael, Wesal"]
[Result "1-0"]
[WhiteElo "1877"]
[BlackElo "1902"]
[PlyCount "125"]
[EventDate "2004.??.??"]

1. c4 Nf6 2. Nc3 c5 3. e4 d6 4. Nf3 Bg4 5. Be2 Nc6 6. d3 g6 7. h3 Bxf3 8. Bxf3
Bg7 9. g3 O-O 10. Be3 Ne8 11. Qd2 Nc7 12. h4 Ne6 13. h5 Ned4 14. Bd1 Ne5 15.
Kf1 f5 16. hxg6 hxg6 17. Bh6 Rf7 18. Bxg7 Rxg7 19. exf5 Nxf5 20. Kg2 e6 21. Be2
Qf6 22. Ne4 Qe7 23. b4 b6 24. a3 d5 25. Ng5 Nf7 26. Nf3 Rd8 27. cxd5 Rxd5 28.
Rac1 e5 29. Qa2 Qb7 30. bxc5 Rxc5 31. Rxc5 bxc5 32. Kg1 Kf8 33. Qe6 Qb6 34. Ng5
N7h6 35. Qxb6 axb6 36. Ne6+ Kf7 37. Nxg7 Kxg7 38. Kg2 Nd4 39. Bf3 Nhf5 40. a4
Nd6 41. Rd1 b5 42. axb5 N6xb5 43. Rc1 Nb3 44. Rc4 N5d4 45. Bd1 Nd2 46. Rxc5 Kf6
47. f3 Ke6 48. Kf2 Kd6 49. Ra5 Nc6 50. Ra1 Nd4 51. Ke3 Nf1+ 52. Kf2 Nd2 53.
Ra6+ Kc5 54. Rxg6 Kb4 55. Rg5 Nc6 56. Ke3 Nb1 57. f4 exf4+ 58. gxf4 Nc3 59. Bf3
Ne7 60. Re5 Nc8 61. f5 Nd6 62. f6 Nf7 63. Re7 1-0

[Event "Sfr. Neuberg - Johanneum Eppendorf"]
[Site "Dittrichshuette"]
[Date "2004.12.30"]
[Round "6.3"]
[White "Schmidt, Armin"]
[Black "Seifert, Christopher"]
[Result "1/2-1/2"]
[WhiteElo "1791"]
[BlackElo "1849"]
[PlyCount "60"]
[EventDate "2004.??.??"]

1. e4 c5 2. Nf3 Nc6 3. d4 cxd4 4. Nxd4 e5 5. Nb5 d6 6. c4 Nf6 7. N1c3 a6 8. Na3
Be7 9. Nc2 O-O 10. Be2 Be6 11. O-O Rc8 12. b3 Qc7 13. Bg5 Qa5 14. Bxf6 Bxf6 15.
Nd5 Bxd5 16. Qxd5 Qxd5 17. cxd5 Nb8 18. Ne3 g6 19. Rac1 Nd7 20. Rc4 Rxc4 21.
Nxc4 Be7 22. b4 Rc8 23. Bd3 Nf6 24. f3 Kg7 25. Rf2 Ne8 26. Rc2 Bd8 27. Kf1 Kf8
28. Ke2 Ke7 29. Na3 Rxc2+ 30. Nxc2 Bb6 1/2-1/2

[Event "Sfr. Neuberg - Johanneum Eppendorf"]
[Site "Dittrichshuette"]
[Date "2004.12.30"]
[Round "6.4"]
[White "Iwanziw, Niklas"]
[Black "Wenzel, Birger"]
[Result "1/2-1/2"]
[WhiteElo "1396"]
[BlackElo "1660"]
[PlyCount "76"]
[EventDate "2004.??.??"]

1. d4 Nf6 2. Nf3 g6 3. c4 c5 4. d5 b5 5. cxb5 a6 6. bxa6 d6 7. Nc3 Bxa6 8. g3
Bg7 9. Bg2 O-O 10. O-O Nbd7 11. Re1 Qa5 12. e4 Rfb8 13. a3 Ng4 14. Qc2 Nge5 15.
Nxe5 Nxe5 16. f4 Nd3 17. Rd1 Nxb2 18. Bxb2 Rxb2 19. Qxb2 Bxc3 20. Qc2 Bxa1 21.
Rxa1 Rb8 22. e5 Qb6 23. Rc1 Qb3 24. Qxb3 Rxb3 25. Ra1 Kf8 26. exd6 exd6 27. Bf1
Bxf1 28. Kxf1 Ke7 29. a4 Kd7 30. a5 Kc7 31. a6 Kb8 32. a7+ Ka8 33. Ra6 Rb1+ 34.
Kf2 Rb2+ 35. Ke3 Rxh2 36. Rxd6 Rb2 37. Rc6 Rb3+ 38. Ke4 Rb7 1/2-1/2

[Event "SC Tamm 74 - SG Blau-Weiss Stadtilm"]
[Site "Dittrichshuette"]
[Date "2004.12.30"]
[Round "6.1"]
[White "Siebarth, Raiko"]
[Black "Lange, Jan-David"]
[Result "1-0"]
[WhiteElo "2100"]
[BlackElo "1866"]
[PlyCount "115"]
[EventDate "2004.??.??"]

1. d4 d5 2. c4 e6 3. Nc3 Nf6 4. Bg5 Be7 5. e3 Nbd7 6. Qc2 c6 7. cxd5 exd5 8.
Bd3 O-O 9. Nge2 Re8 10. O-O Nf8 11. f3 h6 12. Bh4 Ne6 13. Bf2 c5 14. dxc5 Bxc5
15. Rad1 Qe7 16. Rfe1 Bd7 17. Qb1 Bc6 18. a3 a5 19. Nb5 Qd7 20. Nbd4 Nxd4 21.
Nxd4 Rab8 22. b4 axb4 23. axb4 Bxd4 24. exd4 Bb5 25. Bf5 Qc6 26. Re5 Nd7 27.
Rxe8+ Rxe8 28. Rc1 Bc4 29. b5 Qxb5 30. Qxb5 Bxb5 31. Rc7 Nf8 32. Rxb7 Bc4 33.
Bg3 Ne6 34. Be5 Nf8 35. Kf2 g6 36. Bh3 Nh7 37. Bd7 Ra8 38. Kg3 Nf8 39. Bg4 h5
40. Bh3 Ra6 41. Bf4 Nh7 42. Rb8+ Kg7 43. Be5+ f6 44. Rb7+ Kh6 45. Bf4+ g5 46.
Bc1 Kg6 47. Bd7 h4+ 48. Kf2 Ra2+ 49. Bb2 Ra6 50. g4 Nf8 51. Bf5+ Kh6 52. Rf7
Ng6 53. Rb7 Rc6 $11 54. Ke3 Ra6 55. Kd2 Ra8 56. Rf7 Rf8 57. Bxg6 Rb8 58. Bf5
1-0

[Event "SC Tamm 74 - SG Blau-Weiss Stadtilm"]
[Site "Dittrichshuette"]
[Date "2004.12.30"]
[Round "6.2"]
[White "Andraschko, Felix"]
[Black "Schneider, Christian"]
[Result "0-1"]
[WhiteElo "1668"]
[BlackElo "1833"]
[PlyCount "56"]
[EventDate "2004.??.??"]

1. d4 d5 2. Nf3 Nf6 3. e3 e6 4. Bd3 Be7 5. O-O O-O 6. Nbd2 c5 7. b3 Nc6 8. a3
b6 9. Bb2 Bb7 10. Ne5 Nd7 11. f4 f5 12. Ndf3 Ndxe5 13. Nxe5 Nxe5 14. dxe5 Qc7
15. Be2 Rad8 16. Qe1 d4 17. exd4 cxd4 18. Bd3 Qc6 19. Qe2 g5 20. Bc1 gxf4 21.
Bxf4 Kh8 22. Kh1 Rg8 23. Rg1 Rg4 24. Qf2 Rdg8 25. Bf1 Bh4 26. Qd2 Qe4 27. Bh6
Qxe5 28. h3 Rg3 0-1

[Event "SC Tamm 74 - SG Blau-Weiss Stadtilm"]
[Site "Dittrichshuette"]
[Date "2004.12.30"]
[Round "6.3"]
[White "Berner, Stephan"]
[Black "Doering, Andreas"]
[Result "1-0"]
[WhiteElo "1669"]
[BlackElo "1625"]
[PlyCount "47"]
[EventDate "2004.??.??"]

1. e4 e6 2. d4 d5 3. Nd2 Nf6 4. e5 Nfd7 5. c3 c5 6. Bd3 Nc6 7. Ne2 cxd4 8. cxd4
Bb4 9. O-O O-O 10. Nf3 f6 11. exf6 Nxf6 12. a3 Bd6 13. Bf4 Qc7 14. Bxd6 Qxd6
15. Re1 Bd7 16. Nc3 a6 17. Na4 Nb8 18. Nc5 b6 19. Nxd7 Nbxd7 20. Qe2 Rae8 21.
Bxa6 Nh5 22. Bb5 Ndf6 23. Bxe8 Nf4 24. Qe5 1-0

[Event "SC Tamm 74 - SG Blau-Weiss Stadtilm"]
[Site "Dittrichshuette"]
[Date "2004.12.30"]
[Round "6.4"]
[White "Jannes, Alexander"]
[Black "Hoffmann, Lena"]
[Result "1/2-1/2"]
[WhiteElo "1513"]
[BlackElo "1664"]
[PlyCount "82"]
[EventDate "2004.??.??"]

1. d4 d5 2. c4 e6 3. Nc3 Nf6 4. Bg5 Be7 5. e3 O-O 6. Nf3 c6 7. Qc2 Nbd7 8. Bd3
dxc4 9. Bxc4 Nd5 10. Bxe7 Qxe7 11. a3 Re8 12. Bd3 h6 13. Rd1 Nxc3 14. Qxc3 e5
15. dxe5 Nxe5 16. Nxe5 Qxe5 17. Qxe5 Rxe5 18. Ke2 Be6 19. Rd2 Bd5 20. Rg1 Rae8
21. b4 f5 22. g3 g5 23. Kd1 Kf7 24. Kc1 Kf6 25. Kb2 Rd8 26. Bc4 Ree8 27. Bxd5
Rxd5 28. Rxd5 cxd5 29. Rc1 Re7 30. Rc5 Ke5 31. Kc3 Ke4 32. Kd2 Rd7 33. Ke2 f4
34. f3+ Ke5 35. gxf4+ gxf4 36. e4 Ke6 37. Rxd5 Rxd5 38. exd5+ Kxd5 39. Kd3 b5
40. h3 Ke5 41. h4 h5 1/2-1/2

[Event "SK Kelheim - USG Chemmnitz"]
[Site "Dittrichshuette"]
[Date "2004.12.30"]
[Round "6.1"]
[White "Schaetz, Christopher"]
[Black "Schiller, Stefan"]
[Result "0-1"]
[WhiteElo "1582"]
[BlackElo "1819"]
[PlyCount "70"]
[EventDate "2004.??.??"]

1. e4 c5 2. Nf3 d6 3. d4 cxd4 4. Nxd4 Nf6 5. Nc3 g6 6. Be3 Bg7 7. Qd2 Ng4 8.
Bg5 h6 9. Bh4 Nc6 10. Nxc6 bxc6 11. Bc4 O-O 12. O-O-O Rb8 13. f3 Ne5 14. Bb3
Nd7 15. Qe3 Nb6 16. g4 a5 17. e5 Bxe5 18. Qxh6 a4 19. Qxg6+ Bg7 20. Bxf7+ Rxf7
21. Ne4 Nc4 22. Ng5 Rf6 23. Qh7+ Kf8 24. Qe4 Rf5 25. Qxc4 Bxb2+ 26. Kd2 Qa5+
27. c3 Bxc3+ 28. Kc2 Rb2+ 29. Kc1 Rxg5 30. Bxg5 Qxg5+ 31. f4 Qg6 32. Rd3 Bf6
33. g5 Bg7 34. Rhd1 Bf5 35. Re3 Rc2+ 0-1

[Event "SK Kelheim - USG Chemmnitz"]
[Site "Dittrichshuette"]
[Date "2004.12.30"]
[Round "6.2"]
[White "Fuhrmann, Max"]
[Black "Eidner, Falk"]
[Result "1/2-1/2"]
[WhiteElo "1768"]
[BlackElo "1720"]
[PlyCount "89"]
[EventDate "2004.??.??"]

1. e4 e5 2. Nf3 Nc6 3. Bc4 Bc5 4. c3 Nf6 5. d4 exd4 6. cxd4 Bb4+ 7. Bd2 Bxd2+
8. Nbxd2 d5 9. exd5 Nxd5 10. O-O O-O 11. Re1 Bg4 12. Qc2 h6 13. h3 Be6 14. a3
a6 15. Rad1 Nf4 16. Qe4 Bxc4 17. Nxc4 Nd5 18. Nce5 Nce7 19. Nh4 c6 20. Nf5 Nf6
21. Nxe7+ Qxe7 22. Qf3 Qc7 23. Nd3 Rfe8 24. Re3 Qb6 25. Qf4 Rad8 26. Rxe8+ Rxe8
27. b4 Nd5 28. Qg4 Nc3 29. Re1 Rxe1+ 30. Nxe1 Qd8 31. Nc2 Qe8 32. Qf3 Nd5 33.
Ne3 Qd8 34. Nxd5 Qxd5 35. Qxd5 cxd5 36. f3 f6 37. Kf2 Kf7 38. Ke3 Ke6 39. a4
Kf5 40. g3 h5 41. f4 g5 42. Kf3 g4+ 43. hxg4+ hxg4+ 44. Ke3 b6 45. Kd3 1/2-1/2

[Event "SK Kelheim - USG Chemmnitz"]
[Site "Dittrichshuette"]
[Date "2004.12.30"]
[Round "6.3"]
[White "Bruesch, Robert"]
[Black "Eibl, Maximilian"]
[Result "1-0"]
[WhiteElo "1625"]
[BlackElo "1780"]
[PlyCount "31"]
[EventDate "2004.??.??"]

1. d4 Nf6 2. c4 e6 3. Nc3 d5 4. Bf4 c6 5. e3 Bd6 6. Bg3 O-O 7. Nf3 Re8 8. Qc2
Bxg3 9. hxg3 Nbd7 10. Ne5 Nf8 11. O-O-O Bd7 12. g4 dxc4 13. Bxc4 Nd5 14. Bd3
Ng6 15. Bxg6 fxg6 16. Rxh7 {Notation nicht weiter nachvollziehbar} 1-0

[Event "TSV Schott Mainz - FSV Grossenseebach"]
[Site "Dittrichshuette"]
[Date "2004.12.30"]
[Round "6.1"]
[White "Seyb, Alexander"]
[Black "Armbrust, Florian"]
[Result "1/2-1/2"]
[WhiteElo "2018"]
[BlackElo "2184"]
[PlyCount "46"]
[EventDate "2004.??.??"]

1. e4 c5 2. d3 Nc6 3. g3 g6 4. Bg2 Bg7 5. f4 e6 6. Nf3 Nge7 7. O-O d6 8. c3 O-O
9. Be3 b6 10. Na3 Bb7 11. Bf2 Qd7 12. Nc2 $11 f5 13. exf5 gxf5 14. d4 cxd4 15.
Ncxd4 Nxd4 16. Bxd4 Nc6 17. Bxg7 Kxg7 18. Re1 Rfe8 19. Qd2 Rad8 20. Red1 h6 21.
Nd4 Nxd4 22. cxd4 Bxg2 23. Qxg2 d5 1/2-1/2

[Event "TSV Schott Mainz - FSV Grossenseebach"]
[Site "Dittrichshuette"]
[Date "2004.12.30"]
[Round "6.2"]
[White "Fragin, Ilja"]
[Black "Borel, Markus"]
[Result "0-1"]
[WhiteElo "1853"]
[BlackElo "1862"]
[PlyCount "96"]
[EventDate "2004.??.??"]

1. e4 c5 2. Nf3 d6 3. d4 cxd4 4. Nxd4 Nf6 5. Nc3 a6 6. f3 e6 7. Be3 Qc7 8. Qd2
Nc6 9. O-O-O Nd7 10. Nb3 b6 11. g4 Nce5 12. Be2 Bb7 13. h4 Rc8 14. h5 b5 15. g5
b4 16. Nb1 Nb6 17. Bf4 Nbc4 18. Bxc4 Nxc4 19. Qd3 a5 20. N1d2 Ba6 21. Nxc4 Bxc4
22. Qd2 a4 23. Na1 e5 24. Be3 Qb7 25. Rh2 Bxa2 26. f4 Bc4 27. fxe5 dxe5 28. g6
f6 29. h6 hxg6 30. hxg7 Bxg7 31. Rxh8+ Bxh8 32. Qd6 Bg7 33. Rh1 g5 34. Bc5 Qc7
35. Rh7 Qxd6 36. Bxd6 Kf7 37. Bxb4 Bd3 38. b3 Bxe4 39. Rh2 axb3 40. Nxb3 Bd5
41. Nd2 Kg6 42. Nf1 f5 43. Ne3 Bf3 44. Rd2 Bf6 45. Rd6 Rc6 46. Rd7 f4 47. Nf1
Be4 48. c3 g4 0-1

[Event "TSV Schott Mainz - FSV Grossenseebach"]
[Site "Dittrichshuette"]
[Date "2004.12.30"]
[Round "6.3"]
[White "Hofmann, Benjamin"]
[Black "Khalat, David"]
[Result "1-0"]
[WhiteElo "1768"]
[BlackElo "1637"]
[PlyCount "89"]
[EventDate "2004.??.??"]

1. e4 d5 2. exd5 Nf6 3. Nc3 Nxd5 4. d4 Nc6 5. Nf3 Bg4 6. Be2 e6 7. O-O Be7 8.
Nxd5 exd5 9. c3 O-O 10. h3 Bf5 11. Bf4 Bd6 12. Qd2 Re8 13. Rfe1 Ne7 14. Bxd6
Qxd6 $11 15. Ne5 f6 16. Nd3 c6 17. b4 b6 18. Reb1 Ng6 19. Rb2 Rac8 20. a4 Qe6
21. Bf1 Re7 $11 22. b5 Nh4 23. Re1 Qd7 24. Rxe7 Qxe7 25. bxc6 Rxc6 26. Nf4 Qd6
27. Rb5 Be4 28. Bd3 Bxd3 29. Nxd3 Qc7 30. Nb4 Qd7 31. Nxc6 Qxc6 32. Qa2 Qc4 33.
Qxc4 dxc4 34. Rb4 Nf5 35. Rxc4 Nd6 36. Rc7 a5 37. Rc6 Ne4 38. c4 Nc3 39. Rxb6
Nxa4 40. Rb8+ Kf7 41. f4 Nc3 42. Kf2 a4 43. Ra8 Ke6 44. Ke3 Kd6 45. Kd3 1-0

[Event "TSV Schott Mainz - FSV Grossenseebach"]
[Site "Dittrichshuette"]
[Date "2004.12.30"]
[Round "6.4"]
[White "Katte, Nicolas"]
[Black "Linsenmeyer, Mario"]
[Result "1/2-1/2"]
[WhiteElo "1663"]
[BlackElo "1691"]
[PlyCount "132"]
[EventDate "2004.??.??"]

1. d4 g6 2. Nf3 Bg7 3. Bf4 d6 4. h3 Nf6 5. e3 O-O 6. Be2 Nc6 7. c4 Re8 8. O-O
Bd7 9. Nc3 e5 10. Bh2 exd4 11. Nxd4 Nxd4 12. exd4 Ne4 13. Bf3 Bc6 14. Re1 Nxc3
15. bxc3 Rxe1+ 16. Qxe1 Bxf3 17. gxf3 Qd7 18. Kg2 Re8 19. Qb1 Qc6 20. Qd3 a6
21. Rb1 b6 22. Rb2 Kf8 23. Bf4 Rb8 24. h4 Re8 25. h5 Qd7 26. Rb1 Qf5 27. Qxf5
gxf5 28. Be3 Re6 29. Kg3 Ke8 30. Rh1 c5 31. h6 Bf8 32. Rh5 Rf6 33. d5 Rg6+ 34.
Kh4 Be7+ 35. Kh3 Rf6 36. Bf4 Bf8 37. Kg2 Rg6+ 38. Kf1 Rf6 39. Ke2 Be7 40. Kd3
Bf8 41. Rh1 Kd7 42. Kc2 Rg6 43. Kb3 Rg2 44. Bg3 f4 45. Bxf4 Rxf2 46. Rh3 Be7
47. Bc1 Rf1 48. Be3 Bf6 49. Rg3 Rd1 50. Bg5 Bxg5 51. Rxg5 Rf1 52. Rg7 Rxf3 53.
Rxh7 Ke7 54. Rh8 Rh3 55. h7 Rh1 56. Kc2 Rh2+ 57. Kd3 Kf6 58. Rd8 Rxh7 59. Rxd6+
Ke7 60. Rxb6 Rh3+ 61. Ke4 Rxc3 62. Rxa6 Rxc4+ 63. Ke5 Rc1 64. d6+ Kd8 65. Ra8+
Kd7 66. Ra7+ Kd8 1/2-1/2

[Event "SC 1975 Paimar - SV Saarbruecken"]
[Site "Dittrichshuette"]
[Date "2004.12.30"]
[Round "6.1"]
[White "Mueller, Reinhold"]
[Black "Segeritz, Philipp"]
[Result "1-0"]
[WhiteElo "2048"]
[BlackElo "1572"]
[PlyCount "59"]
[EventDate "2004.??.??"]

1. d4 d5 2. c4 dxc4 3. Nf3 Nf6 4. e3 Bg4 5. Bxc4 Nc6 6. Qb3 e6 7. Qxb7 Rb8 8.
Qxc6+ Nd7 9. Ne5 Bf5 10. Bb5 Rxb5 11. Qxb5 Bd6 12. Qxd7+ Qxd7 13. Nxd7 Kxd7 14.
Nc3 Rb8 15. e4 Bg6 16. O-O Rb4 17. Rd1 c6 18. f4 Kc7 19. g4 f6 20. a3 Rb6 21.
b4 e5 22. dxe5 fxe5 23. f5 Bf7 24. Be3 Rb7 25. Rd2 Be7 26. Rad1 Be8 27. Na4 a6
28. Nc5 Bxc5 29. Bxc5 Rb8 30. Bd6+ 1-0

[Event "SC 1975 Paimar - SV Saarbruecken"]
[Site "Dittrichshuette"]
[Date "2004.12.30"]
[Round "6.2"]
[White "Schloetterlein, Sandro"]
[Black "Backes, Marco"]
[Result "0-1"]
[WhiteElo "1408"]
[BlackElo "1600"]
[PlyCount "100"]
[EventDate "2004.??.??"]

1. e4 {0} e5 2. Nf3 Nc6 3. Bc4 Bc5 4. b4 Bxb4 5. c3 Be7 6. d4 d6 7. Qb3 d5 8.
Bxd5 Be6 9. Bxe6 fxe6 10. Qxe6 exd4 11. O-O dxc3 12. Nxc3 Qd6 13. Ng5 Nd8 14.
Qb3 Bxg5 15. Bxg5 Nf6 16. Rad1 Qb6 17. Nd5 Qxb3 18. Nxc7+ Kf7 19. axb3 Rc8 20.
Bxf6 gxf6 21. Rd7+ Kg6 22. Rfd1 Nf7 23. Ne6 Rhe8 24. Nf4+ Kg7 25. Nh5+ Kg6 26.
Ng3 Red8 27. Rxd8 Rxd8 28. Rxd8 Nxd8 29. f4 Nc6 30. Ne2 a5 31. Kf2 b5 32. Ke3
a4 33. bxa4 bxa4 34. Nc3 a3 35. Na2 Kh5 36. h3 Kh4 37. g4 Kxh3 38. Kf3 Nd4+ 39.
Ke3 Nc2+ 40. Kf3 Ne1+ 41. Kf2 Kxg4 42. e5 fxe5 43. fxe5 Nd3+ 44. Ke2 Nxe5 45.
Kd2 h5 46. Kc2 h4 47. Nc3 h3 48. Ne4 h2 49. Nf2+ Kf3 50. Nh1 Kg2 0-1

[Event "SC 1975 Paimar - SV Saarbruecken"]
[Site "Dittrichshuette"]
[Date "2004.12.30"]
[Round "6.3"]
[White "Saken-Shaft, Nima"]
[Black "Hehn, Nicolas"]
[Result "1/2-1/2"]
[WhiteElo "1569"]
[BlackElo "1539"]
[PlyCount "60"]
[EventDate "2004.??.??"]

1. d4 d6 2. Bf4 g6 3. e3 Bg7 4. Nf3 Nf6 5. c4 O-O 6. h3 Nbd7 7. Bh2 Re8 8. Nc3
c6 9. Be2 a6 10. O-O b5 11. a3 Bb7 12. Qb3 Nb6 13. a4 bxc4 14. Bxc4 Nxc4 15.
Qxc4 Nd7 16. b4 e5 17. Rfd1 d5 18. Qb3 Qb6 19. b5 Rab8 20. Rab1 Ba8 21. Rb2 Rb7
22. dxe5 Nxe5 23. Bxe5 Bxe5 24. Nd4 Bxd4 25. Rxd4 Rc8 26. Rd1 Qc7 27. Rdb1 cxb5
28. Nxd5 Qc5 29. Nf6+ Kg7 30. Ne4 Qc6 1/2-1/2

[Event "SC 1975 Paimar - SV Saarbruecken"]
[Site "Dittrichshuette"]
[Date "2004.12.30"]
[Round "6.4"]
[White "Frey, Simone"]
[Black "Bastian, Ruben"]
[Result "0-1"]
[WhiteElo "1031"]
[BlackElo "1507"]
[PlyCount "36"]
[EventDate "2004.??.??"]

1. e4 c5 2. Nf3 Nc6 3. d4 cxd4 4. Nxd4 Nf6 5. Nc3 e5 6. Nxc6 bxc6 7. Bg5 Bc5 8.
Qf3 Rb8 9. Bxf6 gxf6 10. b3 Bd4 11. Rd1 Qa5 12. Rd3 Ba6 13. Qxf6 Bxc3+ 14. Kd1
Rf8 15. Rd6 Bxf1 16. Qf5 Qc7 17. Rh6 Ba6 18. Qxh7 Qb6 0-1

[Event "Heilbronner SV - SG Porz"]
[Site "Dittrichshuette"]
[Date "2004.12.30"]
[Round "6.1"]
[White "Schehl, Michael"]
[Black "Geschnizjani, Ramin Tobias"]
[Result "0-1"]
[WhiteElo "1401"]
[BlackElo "1806"]
[PlyCount "108"]
[EventDate "2004.??.??"]

1. d4 d5 2. Nf3 Nf6 3. Bf4 Bf5 4. e3 e6 5. Bd3 Bg6 6. c3 Be7 7. Bc2 Nbd7 8.
Nbd2 c5 9. O-O O-O 10. Re1 Rc8 11. Bxg6 hxg6 12. Rc1 cxd4 13. exd4 b5 14. h3
Qb6 15. b4 a5 16. a3 a4 17. Ne5 Nxe5 18. Bxe5 Rc6 19. Qe2 Rfc8 20. Nb1 Ne4 21.
Qb2 Bh4 22. g3 Bg5 23. Bf4 Bxf4 24. gxf4 Qc7 25. f3 Nxc3 26. Re3 Ne2+ 27. Rxe2
Rxc1+ 28. Kf2 Rc2 29. Rxc2 Qxc2+ 30. Qxc2 Rxc2+ 31. Ke3 Kf8 32. Kd3 Rc4 33. Nc3
Rxc3+ 34. Kxc3 Ke7 35. Kd3 Kf6 36. Ke2 Kf5 37. Ke3 g5 38. fxg5 Kxg5 39. f4+ Kh4
40. Kf3 Kxh3 41. f5 g5 42. fxg6 fxg6 43. Kf4 Kh4 44. Ke5 g5 45. Kxe6 g4 46.
Kxd5 g3 47. Kc5 g2 48. Kxb5 g1=Q 49. Kxa4 Qxd4 50. Kb3 Kg5 51. b5 Kf6 52. a4
Ke6 53. a5 Kd6 54. a6 Kc7 0-1

[Event "Heilbronner SV - SG Porz"]
[Site "Dittrichshuette"]
[Date "2004.12.30"]
[Round "6.2"]
[White "Luo, Xinping"]
[Black "Dandoerfer, Artur"]
[Result "1-0"]
[WhiteElo "1696"]
[BlackElo "1408"]
[PlyCount "39"]
[EventDate "2004.??.??"]

1. e4 {0} e5 {2} 2. Nc3 {0} Nf6 3. f4 exf4 4. Bc4 Bc5 5. Nf3 d6 6. d4 Bb6 7.
O-O Bg4 8. Bxf4 Nc6 9. Bb5 O-O 10. Bxc6 bxc6 11. Qd3 Re8 12. Bg5 h6 13. Bh4 c5
14. Kh1 cxd4 15. Nxd4 g5 16. Bg3 Qd7 17. Rxf6 Kg7 18. Rff1 a6 19. Nd5 Bxd4 20.
Qxd4+ 1-0

[Event "Heilbronner SV - SG Porz"]
[Site "Dittrichshuette"]
[Date "2004.12.30"]
[Round "6.3"]
[White "Senay, Baris"]
[Black "Haeusinger, Benjamin"]
[Result "1-0"]
[WhiteElo "1278"]
[BlackElo "1386"]
[PlyCount "75"]
[EventDate "2004.??.??"]

1. e4 c6 2. d4 d5 3. Nc3 dxe4 4. Nxe4 Bf5 5. Ng3 Bg6 6. h4 h5 7. N1e2 e5 8.
dxe5 Qa5+ 9. c3 Nd7 10. e6 fxe6 11. Nf4 Bf7 12. Bc4 O-O-O 13. Qe2 Re8 14. Be3
Ngf6 15. O-O-O Nd5 16. Ne4 Bc5 17. Qd2 Bxe3 18. fxe3 Qc7 19. Be2 Rd8 20. Ng5
Nf8 21. Nxf7 Qxf7 22. c4 e5 23. Nh3 Qg6 24. Bd3 Qe6 25. Bc2 Ng6 26. cxd5 Rxd5
27. Qf2 Rf8 28. Qg3 Rc5 29. Kb1 e4 30. Bb3 Qf6 31. Qd6 Qxd6 32. Rxd6 Ne5 33.
Nf4 Rf5 34. Ne6 Nd7 35. Nxc5 Nxc5 36. Be6+ Nxe6 37. Rxe6 Rf2 38. Rg1 1-0

[Event "Heilbronner SV - SG Porz"]
[Site "Dittrichshuette"]
[Date "2004.12.30"]
[Round "6.4"]
[White "Durmisi, Valon"]
[Black "Liwerant, Igor"]
[Result "0-1"]
[WhiteElo "1122"]
[BlackElo "1332"]
[PlyCount "102"]
[EventDate "2004.??.??"]

1. e4 e5 2. Nf3 Nc6 3. Bc4 Bc5 4. Nc3 d6 5. h3 Be6 6. Bb3 Nf6 7. d3 h6 8. O-O
Qd7 9. Ba4 O-O-O 10. Bxc6 Qxc6 11. Ne2 Rdg8 12. Bd2 g5 13. a4 g4 14. hxg4 Bxg4
15. Nh4 h5 16. Kh1 Qd7 17. Nf5 h4 18. f3 Bxf5 19. exf5 Qxf5 20. b4 Bd4 21. c3
Nh5 22. cxd4 Ng3+ 23. Kg1 Nxf1 24. Qxf1 h3 25. g4 h2+ 26. Kh1 Qxd3 27. Bc3 f5
28. Rd1 Qe3 29. Bd2 Qb3 30. Rb1 Qd3 31. Rd1 fxg4 32. fxg4 Qe4+ 33. Qg2 Qxg2+
34. Kxg2 Rxg4+ 35. Ng3 h1=Q+ 36. Rxh1 Rxh1 37. Kxh1 Rxg3 38. dxe5 dxe5 39. Kh2
Ra3 40. Bg5 Rxa4 41. Be7 e4 42. Kg2 e3 43. Kf3 Ra6 44. Bc5 Ra3 45. Ke2 Rb3 46.
Bf8 Kd8 47. Bh6 Rxb4 48. Kxe3 Kd7 49. Kd3 Ra4 50. Bg5 Ra3+ 51. Ke4 c6 {
Notation nicht nachvollziehbar} 0-1